| 000 | 00526nam a2200157Ia 4500 | ||
|---|---|---|---|
| 003 | SGT | ||
| 020 | _a9788120306264 | ||
| 082 |
_a621.310285 _bKUS |
||
| 100 | _aKusic,George L | ||
| 245 | _aComputer aided power systems analysis | ||
| 260 |
_bPHI Learning Private Limited _aNew Delhi _c1986 |
||
| 300 | _a403p. | ||
| 650 | _aELECTRICAL ENGINEERING | ||
| 653 | _aCENTRAL OPERATION AND CONTROL OF POWER SYSTEMS, ELEMENTS OF TRANSMISSION NETWORKS,BUS REFERENCE FRAME , NETWORK FAULT AND CONTINGENCY CALCULATIONS | ||
| 942 |
_2ddc _cBK |
||
| 999 |
_c5035 _d5035 |
||